000 00742cam a22002535a 4500
001 L150233
008 100615s1999 xxk f 000 0 eng d
035 _a(Sirsi) u150233
041 _aeng
050 _a333.0062
110 _aRoyal Institution of Chartered Surveyors
_94900
245 0 4 _aThe new RICS
_boverview
260 _aLondon
_bRICS
_c1999
300 _a12p.
_c30cm.
350 _a0
520 _aAn outline of how the new RICS will look, as presented by the Leadership Team to General Council on 27 September 1999.
650 _aAGENDA FOR CHANGE
650 _aFUTURE OF THE PROFESSION
650 _aPRESIDENTIAL ADDRESS
651 4 _aUnited Kingdom
_y
690 _aABOUT RICS
942 _n0
948 _c10/08/1998
999 _c110797
_d110797